Diario de Campo : Cuadernos de Etnología : número 2, marzo 2003 : Movimientos sociorreligiosos indígenas en América Latina : reflexiones para una antropología de las dinámicas religiosas /

Gardado en:
Detalles Bibliográficos
Formato: Libro
Idioma:Lingua castelá
Publicado: México : INAH, 2003
Series:(Diario de Campo: Cuadernos de Etnología ; 2)
Temas:
Etiquetas: Engadir etiqueta
Sen Etiquetas, Sexa o primeiro en etiquetar este rexistro!

MARC

LEADER 00000nam^a2200000^a^4500
001 000631656
005 20260514000000.0
009 20260526154610.957
022 |a 2007-6851 
037 |a Acervo ITESO - Biblioteca 
041 |a GRA 
041 |a ESP 
082 |a 300. 5  |b DIA CET V. 2 
240 1 1 |a [Diario de Campo] 
240 1 1 |a [Diario de Campo: Cuadernos de Etnología] 
245 0 0 |a Diario de Campo :  |b Cuadernos de Etnología : número 2, marzo 2003 : Movimientos sociorreligiosos indígenas en América Latina : reflexiones para una antropología de las dinámicas religiosas /  |c INAH. 
264 1 |a México :  |b INAH,  |c 2003 
300 |a 36 p. 
336 |a texto  |b txt  |2 rdacontenido 
337 |a sin mediación  |b n  |2 rdamedio 
338 |a volumen  |b nc  |2 rdasoporte 
440 1 |a (Diario de Campo: Cuadernos de Etnología ;  |v 2) 
546 |a Edición gráfica con texto en español 
649 |a XX 
650 |a Antropología -  |x Publicaciones Periódicas -  |x Tema Principal 
650 |a Publicaciones Periódicas Mexicanas 
650 |a Publicaciones Periódicas 
910 |a Fondo Castillo-Martínez 
920 |a Impresos - Libros 
930 |a Fondos Especiales 
905 |a 127 
901 |a 631656-10  |b IT2  |c ESP  |i D125001  |u 20260514 
902 |a https://opac.biblio.iteso.mx/vufind/Record/000631656